El Salvador: Perspectivas de Paz, versión preliminar /

সংরক্ষণ করুন:
গ্রন্থ-পঞ্জীর বিবরন
প্রধান লেখক: Córdova Macías, Ricardo
সংস্থা লেখক: Centro de Investigaciones Sociales, Consejo Latinoamericano de Ciencias Sociales UNAM Centro de Investigaciones Interdiciplinarias en Humanidades
বিন্যাস: পাঠ‍্য
প্রকাশিত: Río Piedras: CIS
ট্যাগগুলো: ট্যাগ যুক্ত করুন
কোনো ট্যাগ নেই, প্রথমজন হিসাবে ট্যাগ করুন!

MARC

LEADER 00000 a a2200000 04500
001 23087
003
040
090 |a 159200  
100 |a Córdova Macías, Ricardo  
110 |a Centro de Investigaciones Sociales  
245 |a El Salvador: Perspectivas de Paz, versión preliminar /  |c Centro de Investigaciones Sociales  
260 |a Río Piedras:   |b CIS  
300 |a 45 p   |b **no definido**  
710 |a Consejo Latinoamericano de Ciencias Sociales   |a UNAM   |a Centro de Investigaciones Interdiciplinarias en Humanidades  
999 |c 17165  |d 17165